[Event "BL 1112 OSG Baden Baden - SC Eppingen"]
[Site "?"]
[Date "2012.04.14"]
[Round "14.6"]
[White "Nielsen, Peter-Heine"]
[Black "Guliyev, Namig"]
[Result "1/2-1/2"]
[WhiteElo "2687"]
[BlackElo "2554"]
[PlyCount "109"]
[EventDate "2012.??.??"]

1. d4 d5 2. c4 dxc4 3. e4 e5 4. Nf3 exd4 5. Bxc4 Bb4+ 6. Nbd2 Nc6 7. O-O Nf6 8.
e5 Nd5 9. Nb3 Nb6 10. Bg5 Be7 11. Bxe7 Qxe7 12. Bb5 Bd7 13. Re1 O-O 14. Rc1
Rad8 15. Nc5 a6 16. Nxd7 Rxd7 17. Bxc6 bxc6 18. Rxc6 Nd5 19. Rxa6 c5 20. e6 Rb7
21. Qd2 Nb4 22. exf7+ Qxf7 23. Rae6 h6 24. Kh1 Nxa2 25. R6e5 Rc7 26. R5e4 Nb4
27. Kg1 Qb3 28. Ne5 Qc2 29. Qxc2 Nxc2 30. Rc1 Ra8 31. Kf1 Na1 32. Ke2 Nb3 33.
Rc4 Ra1 34. Nd3 Rb1 35. h4 Kf8 36. g3 Re7 37. Rxe7 Kxe7 38. Nxc5 Rxb2+ 39. Ke1
Nd2 40. Ra4 Nf3+ 41. Kf1 g5 42. hxg5 hxg5 43. g4 Rc2 44. Ra5 Nh2+ 45. Ke1 Nxg4
46. Nb3 d3 47. Rxg5 Re2+ 48. Kf1 Rxf2+ 49. Kg1 Rb2 50. Rxg4 Rxb3 51. Kf2 d2 52.
Rd4 Rb2 53. Ke3 Ke6 54. Rxd2 Rxd2 55. Kxd2 1/2-1/2

[Event "BL 1112 OSG Baden Baden - SC Eppingen"]
[Site "?"]
[Date "2012.04.14"]
[Round "14.8"]
[White "Schlosser, Philipp"]
[Black "Vogt, Lothar"]
[Result "1-0"]
[WhiteElo "2591"]
[BlackElo "2410"]
[PlyCount "107"]
[EventDate "2012.??.??"]

1. d4 Nf6 2. c4 g6 3. Nc3 Bg7 4. e4 d6 5. Nf3 O-O 6. Be2 Bg4 7. Be3 Nfd7 8. h4
Bxf3 9. Bxf3 Nc6 10. d5 Nce5 11. Be2 Nb6 12. Bd4 c5 13. dxc6 bxc6 14. c5 dxc5
15. Bxc5 Nec4 16. Bxc4 Nxc4 17. Qe2 Ne5 18. Rd1 Nd7 19. O-O Re8 20. Bd4 Qc7 21.
Bxg7 Kxg7 22. b3 Rad8 23. Na4 e5 24. Qb2 Nf8 25. Rxd8 Qxd8 26. g3 Qd6 27. Rc1
Ne6 28. Kg2 Nd4 29. Qd2 Re7 30. Rc5 Rb7 31. Ra5 Qc7 32. Rc5 Rb5 33. Rc4 Qd6 34.
Nb2 f6 35. Nd3 Rb7 36. Nc5 Rb5 37. Nd3 Rb7 38. b4 Qe6 39. Rxd4 exd4 40. Nc5 Qe7
41. Nxb7 Qxb7 42. Qxd4 h5 43. a4 Kf7 44. Kf3 Ke6 45. Qc4+ Ke7 46. Qc5+ Ke6 47.
Ke3 Qa6 48. a5 Qb7 49. f4 Kf7 50. Qd6 Qc8 51. e5 fxe5 52. fxe5 Qf5 53. Qc7+ Ke6
54. Qxc6+ 1-0

[Event "BL 1112 SG Turm Trier - SV Hockenheim"]
[Site "?"]
[Date "2012.04.14"]
[Round "14.1"]
[White "Buhmann, Rainer"]
[Black "Lupulescu, Constantin"]
[Result "1/2-1/2"]
[WhiteElo "2606"]
[BlackElo "2655"]
[PlyCount "52"]
[EventDate "2012.??.??"]

1. Nf3 d5 2. d4 e6 3. c4 a6 4. cxd5 exd5 5. Nc3 c6 6. Bf4 Bd6 7. Bxd6 Qxd6 8.
e3 Ne7 9. Bd3 Bf5 10. O-O O-O 11. Rc1 Nd7 12. Na4 Rab8 13. Qc2 Bxd3 14. Qxd3
Nc8 15. Nc5 Qe7 16. Qf5 Rd8 17. Nxd7 Rxd7 18. Ng5 g6 19. Qh3 f6 20. Ne6 Nd6 21.
Nc5 Rdd8 22. Qe6+ Qxe6 23. Nxe6 Re8 24. Nc5 Re7 25. g3 Kg7 26. Kg2 Rbe8 1/2-1/2

[Event "BL 1112 SG Turm Trier - SV Hockenheim"]
[Site "?"]
[Date "2012.04.14"]
[Round "14.2"]
[White "Howell, David W L"]
[Black "Baramidze, David"]
[Result "1-0"]
[WhiteElo "2633"]
[BlackElo "2591"]
[PlyCount "93"]
[EventDate "2012.??.??"]

1. e4 e5 2. Nf3 Nc6 3. d4 exd4 4. Nxd4 Nf6 5. Nxc6 bxc6 6. e5 Qe7 7. Qe2 Nd5 8.
Nd2 Nf4 9. Qe3 Ng6 10. Nf3 d6 11. exd6 cxd6 12. Be2 Qxe3 13. Bxe3 Be7 14. O-O-O
O-O 15. Nd4 Bd7 16. Nb3 a5 17. Nc5 Bc8 18. Na4 Rb8 19. b3 f5 20. f4 Re8 21.
Rhe1 d5 22. g3 Ba3+ 23. Kd2 Nf8 24. Bd3 Kf7 25. Bb6 Rxe1 26. Rxe1 Nd7 27. Bxa5
Ra8 28. Bc3 g6 29. Kd1 h5 30. h4 Ba6 31. Bxa6 Rxa6 32. Re2 Bd6 33. Bb2 c5 34.
Rd2 d4 35. c3 Nf6 36. cxd4 cxd4 37. Bxd4 Ne4 38. Rd3 Bb4 39. Bb6 Ba5 40. Bg1
Bb4 41. Bb6 Ba5 42. Bc5 Rc6 43. b4 Bxb4 44. Rd7+ Ke6 45. Re7+ Kf6 46. Bxb4 Ra6
47. Nc5 1-0

[Event "BL 1112 SG Turm Trier - SV Hockenheim"]
[Site "?"]
[Date "2012.04.14"]
[Round "14.3"]
[White "Neubauer, Martin"]
[Black "Erdoes, Viktor"]
[Result "0-1"]
[WhiteElo "2431"]
[BlackElo "2608"]
[PlyCount "88"]
[EventDate "2012.??.??"]

1. Nf3 Nf6 2. c4 g6 3. Nc3 d5 4. cxd5 Nxd5 5. Qb3 Nb6 6. d4 Bg7 7. Bg5 h6 8.
Bh4 Be6 9. Qc2 Nc6 10. Rd1 Nb4 11. Qb1 O-O 12. a3 N4d5 13. Ne4 Na4 14. e3 c5
15. Nxc5 Nxc5 16. dxc5 Qa5+ 17. Rd2 Rfd8 18. Be2 g5 19. Bg3 Nc3 20. Rxd8+ Rxd8
21. bxc3 Qxc3+ 22. Kf1 Bc4 23. Qe1 Qc2 24. Bxc4 Rd1 25. Be2 Rc1 26. Qxc1 Qxc1+
27. Ne1 Qxa3 28. c6 bxc6 29. h4 a5 30. hxg5 hxg5 31. Kg1 a4 32. Kh2 Qc3 33. Bd3
a3 34. Bb1 Qc4 35. Nf3 a2 36. Bxa2 Qxa2 37. Nxg5 Qc2 38. Nf3 c5 39. Ne5 Bxe5
40. Bxe5 Qxf2 41. Bf4 c4 42. Rc1 c3 43. Kh3 Qd2 44. Rf1 e5 0-1

[Event "BL 1112 SG Turm Trier - SV Hockenheim"]
[Site "?"]
[Date "2012.04.14"]
[Round "14.4"]
[White "Cyborowski, Lukasz"]
[Black "Boguslavsky, Oleg"]
[Result "1-0"]
[WhiteElo "2543"]
[BlackElo "2467"]
[PlyCount "127"]
[EventDate "2012.??.??"]

1. Nf3 d5 2. d4 Nf6 3. c4 c6 4. Nbd2 Bf5 5. Nh4 Be6 6. e3 g6 7. b3 Bg7 8. Bb2
O-O 9. Be2 a5 10. O-O Na6 11. Nhf3 Nc7 12. Bd3 Bg4 13. Qc2 e6 14. cxd5 Bxf3 15.
Nxf3 exd5 16. Ne5 Re8 17. Rae1 Ne4 18. f3 Nd6 19. Kh1 Ne6 20. f4 f6 21. Nf3 Nf8
22. f5 Ne4 23. Nd2 Nxd2 24. Qxd2 Qd6 25. e4 dxe4 26. Rxe4 Rxe4 27. Bxe4 Re8 28.
Bd3 b6 29. Qc2 gxf5 30. Bxf5 Bh6 31. Be4 Re6 32. Bf3 Ng6 33. Qf5 Ne7 34. Qh3
Bg7 35. Ba3 Qd7 36. Be2 b5 37. Bd3 f5 38. Bxe7 Qxe7 39. Bxf5 Rh6 40. Qg4 Qd6
41. h3 Rf6 42. Rc1 Rf8 43. Qe4 h6 44. Rxc6 Qxd4 45. Qxd4 Bxd4 46. g4 Rf6 47.
Rc7 Rd6 48. Bd3 b4 49. Bc4+ Kh8 50. Kg2 Rf6 51. Rd7 Bf2 52. Rd8+ Kg7 53. Rd5
Bb6 54. Rd7+ Kf8 55. h4 Rf2+ 56. Kg3 Rf6 57. g5 Rd6 58. Rf7+ Kg8 59. Rb7+ Kf8
60. Kg4 hxg5 61. hxg5 Bd8 62. Kf5 Rd2 63. g6 Rf2+ 64. Ke4 1-0

[Event "BL 1112 SG Turm Trier - SV Hockenheim"]
[Site "?"]
[Date "2012.04.14"]
[Round "14.5"]
[White "Paehtz, Elisabeth"]
[Black "Gonda, Laszlo"]
[Result "1/2-1/2"]
[WhiteElo "2461"]
[BlackElo "2520"]
[PlyCount "44"]
[EventDate "2012.??.??"]

1. e4 e5 2. Nf3 Nc6 3. Bc4 Bc5 4. c3 Nf6 5. d3 a6 6. O-O d6 7. Bb3 Ba7 8. Be3
O-O 9. Nbd2 Bxe3 10. fxe3 Na5 11. Bc2 c5 12. Qe1 b5 13. a4 Bd7 14. axb5 axb5
15. Qg3 Ng4 16. Rae1 Kh8 17. h3 Nh6 18. d4 f6 19. Ra1 Qb6 20. Qf2 b4 21. Bd3
Bb5 22. Qe2 Bxd3 1/2-1/2

[Event "BL 1112 SG Turm Trier - SV Hockenheim"]
[Site "?"]
[Date "2012.04.14"]
[Round "14.6"]
[White "Gordon, Stephen"]
[Black "Gasthofer, Alexander"]
[Result "1/2-1/2"]
[WhiteElo "2535"]
[BlackElo "2456"]
[PlyCount "54"]
[EventDate "2012.??.??"]

1. Nf3 d5 2. c4 c6 3. e3 Nf6 4. Nc3 g6 5. d4 Bg7 6. Bd3 O-O 7. h3 a6 8. O-O
Nbd7 9. cxd5 cxd5 10. Qb3 e6 11. Bd2 b6 12. Rfc1 Re8 13. a4 Bb7 14. a5 Ne4 15.
Be1 Nxc3 16. Bxc3 b5 17. Rc2 Rc8 18. Be2 Bf8 19. Ne1 Bd6 20. Nd3 Qe7 21. Rac1
Rc4 22. Qa2 Rc7 23. b4 Rc6 24. Qb2 Bb8 25. Ne5 Rc7 26. Nxd7 Qxd7 27. Be1 Rxc2
1/2-1/2

[Event "BL 1112 SK König Tegel - Werder Bremen"]
[Site "?"]
[Date "2012.04.14"]
[Round "14.1"]
[White "Fressinet, Laurent"]
[Black "Rabiega, Robert"]
[Result "1-0"]
[WhiteElo "2696"]
[BlackElo "2501"]
[PlyCount "129"]
[EventDate "2012.??.??"]

1. d4 d5 2. c4 dxc4 3. e4 Nc6 4. Nf3 Bg4 5. d5 Ne5 6. Bf4 Ng6 7. Bg3 e5 8. Bxc4
Bd6 9. Nbd2 Nf6 10. Bb5+ Bd7 11. Bxd7+ Qxd7 12. O-O O-O 13. Qb3 Nh5 14. Nc4
Nhf4 15. Rfe1 f6 16. Rac1 a5 17. Qe3 Bb4 18. Red1 b6 19. Kh1 Kh8 20. Rc2 a4 21.
Qc1 Bc5 22. Ne3 Ne7 23. Bxf4 exf4 24. Nc4 Ng6 25. Re2 b5 26. Na3 Bd6 27. Nc2
Ne5 28. Ncd4 a3 29. b3 Nxf3 30. Nxf3 Be5 31. Rc2 Rf7 32. Rc6 g5 33. Re6 Bb2 34.
Qc6 Rd8 35. h3 Qxc6 36. Rxc6 Re7 37. Rc5 b4 38. Rc4 Bc3 39. Kg1 Rde8 40. Kf1 h5
41. e5 Bxe5 42. Nxe5 fxe5 43. Rxb4 e4 44. Rb7 e3 45. fxe3 fxe3 46. Ke2 Rf7 47.
Rf1 Rxf1 48. Kxf1 Re5 49. Rxc7 Rxd5 50. Rc2 Kg7 51. Ke2 Kf6 52. Kxe3 Rd1 53.
Rc6+ Ke5 54. Rc5+ Ke6 55. Ra5 Re1+ 56. Kf3 Rf1+ 57. Kg3 h4+ 58. Kh2 Rf2 59.
Rxa3 Rb2 60. Ra4 Kf5 61. b4 Ke5 62. Ra5+ Kf4 63. a3 g4 64. hxg4 Kxg4 65. Ra8
1-0

[Event "BL 1112 SK König Tegel - Werder Bremen"]
[Site "?"]
[Date "2012.04.14"]
[Round "14.3"]
[White "Nyback, Tomi"]
[Black "Richter, Michael"]
[Result "1-0"]
[WhiteElo "2627"]
[BlackElo "2484"]
[PlyCount "71"]
[EventDate "2012.??.??"]

1. d4 d5 2. c4 c6 3. Nf3 e6 4. Nc3 dxc4 5. a4 Bb4 6. e3 b5 7. Bd2 a5 8. axb5
Bxc3 9. Bxc3 cxb5 10. b3 Bb7 11. bxc4 b4 12. Bb2 Nf6 13. Bd3 O-O 14. O-O Nbd7
15. Nd2 Qc7 16. f3 h6 17. Kh1 Rfd8 18. Re1 Bc6 19. Bc2 Rdb8 20. Bb3 Re8 21. e4
e5 22. d5 Bb7 23. Ba4 h5 24. Qc2 Rec8 25. Nb3 Qxc4 26. Qxc4 Rxc4 27. Bb5 Rc2
28. Reb1 h4 29. Nxa5 Bc8 30. Bd3 Rd2 31. Bf1 g5 32. Nc4 Rxa1 33. Rxa1 Rc2 34.
Bd3 Rxb2 35. Nxb2 Kg7 36. Rc1 1-0

[Event "BL 1112 SK König Tegel - Werder Bremen"]
[Site "?"]
[Date "2012.04.14"]
[Round "14.5"]
[White "Hracek, Zbynek"]
[Black "Von Herman, Ulf"]
[Result "1-0"]
[WhiteElo "2624"]
[BlackElo "2419"]
[PlyCount "71"]
[EventDate "2012.??.??"]

1. d4 d5 2. c4 dxc4 3. e4 Nc6 4. Nf3 Bg4 5. d5 Ne5 6. Bf4 Ng6 7. Bg3 e5 8. Bxc4
a6 9. Qb3 Bd6 10. Qxb7 Nf6 11. Nbd2 Bxf3 12. Qc6+ Kf8 13. gxf3 h5 14. h4 Nd7
15. Qa4 Be7 16. Bf1 Nb6 17. Qc6 Rh6 18. Rc1 Ra7 19. Qc3 Nd7 20. Bh3 Nb6 21. Bf1
Nd7 22. Nc4 Bxh4 23. Rxh4 Nxh4 24. Nxe5 Nxe5 25. Bxe5 Rb6 26. Bxg7+ Kg8 27. Bd4
Qg5 28. Bxb6 cxb6 29. f4 Qxf4 30. Qg3+ Qxg3 31. fxg3 Nf3+ 32. Ke2 Ne5 33. Rc8+
Kg7 34. Bh3 Kf6 35. d6 b5 36. Ke3 1-0

[Event "BL 1112 SK König Tegel - Werder Bremen"]
[Site "?"]
[Date "2012.04.14"]
[Round "14.6"]
[White "Breier, Andreas"]
[Black "Rapport, Richard"]
[Result "0-1"]
[WhiteElo "2400"]
[BlackElo "2547"]
[PlyCount "76"]
[EventDate "2012.??.??"]

1. d4 Nf6 2. Nf3 d6 3. g3 g6 4. Bg2 Bg7 5. O-O O-O 6. c4 Nc6 7. Nc3 Rb8 8. e4
Bg4 9. h3 Bxf3 10. Bxf3 Nd7 11. Be3 e5 12. d5 Nd4 13. Bg2 c5 14. Qd2 a6 15. Bg5
f6 16. Be3 f5 17. Bg5 Qc7 18. Ne2 f4 19. gxf4 Nxe2+ 20. Qxe2 exf4 21. f3 b5 22.
cxb5 Rxb5 23. Rab1 c4 24. Rfc1 Ne5 25. Bf1 h6 26. Bh4 Rfb8 27. Kg2 Qa5 28. a3
Rb3 29. Be1 Qb6 30. Bc3 Nd3 31. Bxg7 Nxc1 32. Rxc1 Kxg7 33. Rxc4 Rxb2 34. Rc2
Rxc2 35. Qxc2 Qb2 36. Qxb2+ Rxb2+ 37. Kg1 a5 38. a4 Kf6 0-1

[Event "BL 1112 SK König Tegel - Werder Bremen"]
[Site "?"]
[Date "2012.04.14"]
[Round "14.7"]
[White "Babula, Vlastimil"]
[Black "Muse, Drazen"]
[Result "1-0"]
[WhiteElo "2572"]
[BlackElo "2388"]
[PlyCount "53"]
[EventDate "2012.??.??"]

1. d4 d6 2. Nf3 g6 3. c4 Bg7 4. e4 e5 5. Nc3 Nd7 6. Be2 Nh6 7. h4 f6 8. h5 Nf7
9. Be3 f5 10. dxe5 dxe5 11. g3 c6 12. Qd2 Nf8 13. Qxd8+ Nxd8 14. O-O-O Nde6 15.
exf5 gxf5 16. Nh4 Nd4 17. Bd3 Be6 18. Bxd4 exd4 19. Ne2 O-O-O 20. Nxf5 Bxf5 21.
Bxf5+ Kc7 22. Kc2 c5 23. Nf4 Bh6 24. Nd3 Kd6 25. Rde1 Rg8 26. Re5 b6 27. Rhe1
1-0

[Event "BL 1112 SK König Tegel - Werder Bremen"]
[Site "?"]
[Date "2012.04.14"]
[Round "14.8"]
[White "Fruebing, Stefan"]
[Black "Skripchenko, Almira"]
[Result "1-0"]
[WhiteElo "2373"]
[BlackElo "2470"]
[PlyCount "157"]
[EventDate "2012.??.??"]

1. e4 e5 2. Nf3 Nc6 3. Bc4 Nf6 4. d3 Bc5 5. O-O O-O 6. Re1 Re8 7. c3 Bf8 8. b4
h6 9. Qb3 Qe7 10. Nh4 Nh5 11. Ng6 Qf6 12. Nxf8 Rxf8 13. g3 d6 14. Qd1 Qg6 15.
Qf3 Bh3 16. Bb3 Kh8 17. Bd1 Nf6 18. Nd2 Ne7 19. Qe2 Bg4 20. Qf1 Bxd1 21. Rxd1
Nh7 22. Qg2 f5 23. Re1 Ng5 24. h4 Ne6 25. Nf1 f4 26. Nh2 Qh5 27. Rf1 Qe2 28.
Qf3 Qc2 29. Qd1 Qxc3 30. Rb1 Qc6 31. g4 Qd7 32. Bb2 Nc6 33. Nf3 Qe7 34. h5 Rf7
35. Kg2 Ncd4 36. Bxd4 Nxd4 37. Nxd4 exd4 38. Kf3 Qg5 39. Qb3 Raf8 40. Qd5 Qxd5
41. exd5 c6 42. dxc6 bxc6 43. Rfc1 Rc7 44. Rc4 Rb8 45. Rbc1 Rb6 46. Rxd4 c5 47.
bxc5 dxc5 48. Rd5 Rb2 49. Rcxc5 Rxc5 50. Rxc5 Rxa2 51. d4 Kg8 52. Kxf4 Rxf2+
53. Ke5 Re2+ 54. Kd6 Kf7 55. Rf5+ Ke8 56. g5 hxg5 57. Rxg5 Re7 58. d5 Kd8 59.
Rg6 Rd7+ 60. Kc5 Rc7+ 61. Kd4 Re7 62. Ra6 Re1 63. Rxa7 Rh1 64. Kc5 Rxh5 65. Kc6
Rh1 66. Ra8+ Ke7 67. d6+ Ke6 68. Re8+ Kf5 69. d7 Rc1+ 70. Kb5 Rd1 71. d8=Q Rxd8
72. Rxd8 g5 73. Kc4 Ke4 74. Rg8 Kf4 75. Kd3 g4 76. Ke2 Kg3 77. Kf1 Kh3 78. Kg1
Kg3 79. Ra8 1-0

[Event "BL 1112 USV TU Dresden - Turm Emsdetten"]
[Site "?"]
[Date "2012.04.14"]
[Round "14.2"]
[White "Socko, Bartosz"]
[Black "Swiercz, Dariusz"]
[Result "1/2-1/2"]
[WhiteElo "2628"]
[BlackElo "2585"]
[PlyCount "41"]
[EventDate "2012.??.??"]

1. d4 f5 2. g3 Nf6 3. Bg2 g6 4. Nf3 Bg7 5. O-O O-O 6. b3 d6 7. Bb2 Ne4 8. Nfd2
d5 9. c4 c6 10. e3 Be6 11. f3 Nxd2 12. Nxd2 c5 13. Qe2 Nc6 14. Rad1 Qa5 15. f4
Rad8 16. Nb1 cxd4 17. exd4 Bf7 18. Bc3 Qa6 19. Rfe1 e6 20. cxd5 Qxe2 21. Rxe2
1/2-1/2

[Event "BL 1112 USV TU Dresden - Turm Emsdetten"]
[Site "?"]
[Date "2012.04.14"]
[Round "14.3"]
[White "Grandelius, Nils"]
[Black "Gajewski, Grzegorz"]
[Result "0-1"]
[WhiteElo "2536"]
[BlackElo "2607"]
[PlyCount "128"]
[EventDate "2012.??.??"]

1. c4 Nf6 2. Nf3 e6 3. g3 d5 4. Bg2 Be7 5. O-O O-O 6. d4 c6 7. Qc2 Nbd7 8. Rd1
a5 9. Nbd2 b6 10. b3 Bb7 11. Bb2 Rc8 12. e4 c5 13. exd5 exd5 14. Qf5 Re8 15.
Rac1 Rc7 16. cxd5 Bxd5 17. Nc4 Qa8 18. Ne3 Be4 19. Qf4 Rcc8 20. d5 Bf8 21. Ne5
Bd6 22. N3c4 Bxe5 23. Nxe5 Bxg2 24. Nxd7 Nxd7 25. Kxg2 Rcd8 26. Kg1 Nf8 27. Qc4
Rd6 28. Rc2 Qc8 29. Re2 f6 30. h4 h5 31. Bc1 Rxe2 32. Qxe2 Qf5 33. Bf4 Rd7 34.
Bb8 Ng6 35. Qd3 Qxd3 36. Rxd3 Ne7 37. d6 Nc8 38. f4 g6 39. a3 Kf7 40. b4 axb4
41. axb4 cxb4 42. f5 gxf5 43. Rb3 Nxd6 44. Rxb4 Nc8 45. Bf4 Rd5 46. Rc4 Rc5 47.
Rd4 Ne7 48. Rd7 b5 49. Rb7 Ke6 50. Rb6+ Nc6 51. Be3 Rc3 52. Bd2 Rc2 53. Bb4 Kf7
54. Rb7+ Kg6 55. Be1 Ne5 56. Bb4 Nd3 57. Be7 Re2 58. Bf8 f4 59. gxf4 Kf5 60.
Rxb5+ Kg4 61. f5 Kh3 62. Rb1 Rg2+ 63. Kf1 Kh2 64. Bd6+ Kh1 0-1

[Event "BL 1112 USV TU Dresden - Turm Emsdetten"]
[Site "?"]
[Date "2012.04.14"]
[Round "14.4"]
[White "Boensch, Uwe"]
[Black "Hector, Jonny"]
[Result "1/2-1/2"]
[WhiteElo "2530"]
[BlackElo "2575"]
[PlyCount "47"]
[EventDate "2012.??.??"]

1. d4 d5 2. c4 c6 3. e3 Bf5 4. cxd5 cxd5 5. Qb3 Qc7 6. Bb5+ Nd7 7. Bd2 e6 8.
Nf3 Ne7 9. O-O Nc6 10. Rc1 Rc8 11. Qa4 Bd6 12. Na3 O-O 13. Bxc6 bxc6 14. Nb5
cxb5 15. Rxc7 bxa4 16. Rxd7 a3 17. bxa3 Bxa3 18. Rxa7 Bb2 19. Re1 Ra8 20. Rxa8
Rxa8 21. Bc1 Bc3 22. Bd2 Bb2 23. Bc1 Bc3 24. Bd2 1/2-1/2

[Event "BL 1112 USV TU Dresden - Turm Emsdetten"]
[Site "?"]
[Date "2012.04.14"]
[Round "14.5"]
[White "Janssen, Ruud"]
[Black "Maiwald, Jens-Uwe"]
[Result "1/2-1/2"]
[WhiteElo "2498"]
[BlackElo "2459"]
[PlyCount "56"]
[EventDate "2012.??.??"]

1. c4 e5 2. g3 d6 3. Bg2 f5 4. Nc3 Nf6 5. d3 Be7 6. e4 c6 7. Nge2 Na6 8. h3 O-O
9. O-O Qe8 10. exf5 Bxf5 11. g4 Be6 12. f4 Bd8 13. f5 Bf7 14. b3 Bb6+ 15. Kh1
Rd8 16. Na4 d5 17. Ba3 dxc4 18. Nxb6 axb6 19. Bxf8 Qxf8 20. g5 Rxd3 21. Qe1 Nd7
22. Qh4 Qd6 23. bxc4 Nac5 24. Rae1 Rd2 25. Ng3 Rd4 26. Ne4 Nxe4 27. Rxe4 Nc5
28. Rxd4 Qxd4 1/2-1/2

[Event "BL 1112 USV TU Dresden - Turm Emsdetten"]
[Site "?"]
[Date "2012.04.14"]
[Round "14.6"]
[White "Tischbierek, Raj"]
[Black "Pruijssers, Roeland"]
[Result "1-0"]
[WhiteElo "2454"]
[BlackElo "2475"]
[PlyCount "73"]
[EventDate "2012.??.??"]

1. g3 f5 2. Bg2 Nf6 3. d3 e5 4. c4 g6 5. Nc3 Bg7 6. e4 fxe4 7. dxe4 O-O 8. Nge2
d6 9. O-O a5 10. h3 Nc6 11. Be3 Rf7 12. Rc1 Be6 13. Nd5 Qd7 14. Kh2 Raf8 15.
Qd2 Nh5 16. b3 h6 17. c5 dxc5 18. Bxc5 Rd8 19. Be3 Kh7 20. Rfd1 Qc8 21. Qe1 g5
22. Rd3 Nf4 23. gxf4 exf4 24. Bd4 Nxd4 25. Nxd4 Bxd4 26. Rxd4 f3 27. Qd2 Rdd7
28. Bf1 Qh8 29. Rd1 g4 30. Ne3 Qe5+ 31. Kh1 g3 32. fxg3 f2 33. Rxd7 Rxd7 34.
Qxf2 Rf7 35. Qg2 Qg5 36. Nf5 c6 37. Bc4 1-0

[Event "BL 1112 USV TU Dresden - Turm Emsdetten"]
[Site "?"]
[Date "2012.04.14"]
[Round "14.7"]
[White "Breder, Dennis"]
[Black "Hoffmann, Paul"]
[Result "0-1"]
[WhiteElo "2430"]
[BlackElo "2317"]
[PlyCount "74"]
[EventDate "2012.??.??"]

1. d4 Nf6 2. Bg5 e6 3. e4 h6 4. Bxf6 Qxf6 5. c3 d6 6. Bc4 Qg6 7. Ne2 Qxe4 8.
O-O d5 9. Nd2 Qg6 10. Bb3 Bd6 11. f4 Nd7 12. Nf3 Nf6 13. Ne5 Qh7 14. Bc2 Ne4
15. Ba4+ Ke7 16. c4 c6 17. f5 Rd8 18. Qe1 exf5 19. cxd5 cxd5 20. Qa5 Be6 21.
Nf4 Kf8 22. Rac1 g5 23. Nh5 Qh8 24. Bb3 b6 25. Qe1 Bxe5 26. dxe5 Qxe5 27. Qb4+
Kg8 28. Bc2 Qd6 29. Qe1 Rac8 30. Kh1 a5 31. Bd3 Rxc1 32. Qxc1 Qc5 33. Qe1 Qd4
34. Qe2 Kf8 35. Bb1 Rc8 36. Bxe4 Qxe4 37. Qd2 Rc2 0-1

[Event "BL 1112 USV TU Dresden - Turm Emsdetten"]
[Site "?"]
[Date "2012.04.14"]
[Round "14.8"]
[White "Seifert, Volker"]
[Black "Richter, Christian"]
[Result "1/2-1/2"]
[WhiteElo "2319"]
[BlackElo "2374"]
[PlyCount "123"]
[EventDate "2012.??.??"]

1. d4 Nf6 2. c4 g6 3. Nc3 Bg7 4. e4 d6 5. f3 Nc6 6. Nge2 O-O 7. Be3 a6 8. Qd2
Rb8 9. Rb1 e6 10. b4 Nd7 11. b5 Na5 12. Nf4 Nb6 13. Rb4 axb5 14. cxb5 d5 15.
Qf2 c5 16. bxc6 Nxc6 17. Rb1 dxe4 18. fxe4 Nxd4 19. e5 Bxe5 20. Rd1 Nd7 21.
Bxd4 Bxd4 22. Rxd4 e5 23. Rxd7 Bxd7 24. Nfd5 Be6 25. Nf6+ Kg7 26. Nfe4 Rc8 27.
Be2 f5 28. Nc5 Bf7 29. O-O Qa5 30. Nb5 Qd2 31. Rd1 Qb4 32. Nxb7 Rc2 33. Qe3 Qe7
34. N7d6 Bxa2 35. Bd3 Rc6 36. Ra1 Ra8 37. Bc4 Rca6 38. Qc5 Kf6 39. Rf1 Bxc4 40.
Ne4+ Kf7 41. Qxc4+ Kg7 42. Nc7 Ra4 43. Qc5 Qxc5+ 44. Nxc5 Rc8 45. Nxa4 Rxc7 46.
Nb6 Kf7 47. Nd5 Rc5 48. Ne3 Rc3 49. Re1 Ke6 50. Kf2 f4 51. Ng4 e4 52. h3 Rc4
53. Re2 h5 54. Nh2 Kf5 55. Ra2 Rc5 56. Nf1 g5 57. g3 Rb5 58. Rc2 Ra5 59. Rb2
Rc5 60. Ra2 Rb5 61. Rc2 Ra5 62. Rb2 1/2-1/2

[Event "BL 1112 Hansa Dortmund - Hamburger SK"]
[Site "?"]
[Date "2012.04.14"]
[Round "14.1"]
[White "Kempinski, Robert"]
[Black "Berg, Emanuel"]
[Result "0-1"]
[WhiteElo "2604"]
[BlackElo "2575"]
[PlyCount "94"]
[EventDate "2012.??.??"]

1. d4 Nf6 2. c4 g6 3. g3 Bg7 4. Bg2 O-O 5. Nf3 d6 6. O-O c6 7. Bf4 Qb6 8. Qc1
c5 9. dxc5 Qxc5 10. h3 Nc6 11. Nbd2 Be6 12. a3 h6 13. Rb1 Rac8 14. b4 Qb6 15.
g4 h5 16. g5 Nd7 17. Qc2 Bf5 18. e4 Be6 19. Be3 Nd4 20. Bxd4 Bxd4 21. Qd3 Bg7
22. Rfc1 Ne5 23. Nxe5 Bxe5 24. Nf3 Bf4 25. Rc3 Qc7 26. Bf1 Qd7 27. h4 Bh3 28.
Ne1 Bxf1 29. Kxf1 Be5 30. Rc2 Qg4 31. Ng2 f6 32. gxf6 Rxf6 33. Rb3 Rcf8 34. c5
Kh8 35. cxd6 exd6 36. Qe3 Qd1+ 37. Ne1 Bd4 38. Qh6+ Kg8 39. f3 Rxf3+ 40. Rxf3
Rxf3+ 41. Kg2 Rg3+ 42. Kxg3 Qxe1+ 43. Kh3 Qf1+ 44. Rg2 Qf3+ 45. Kh2 Be5+ 46.
Kg1 Qd1+ 47. Kf2 Bd4+ 0-1

[Event "BL 1112 Hansa Dortmund - Hamburger SK"]
[Site "?"]
[Date "2012.04.14"]
[Round "14.2"]
[White "Steingrimsson, Hedinn"]
[Black "Zherebukh, Yaroslaw"]
[Result "1/2-1/2"]
[WhiteElo "2562"]
[BlackElo "2580"]
[PlyCount "40"]
[EventDate "2012.??.??"]

1. d4 d5 2. c4 c6 3. Nf3 Nf6 4. Nc3 e6 5. Bg5 h6 6. Bxf6 Qxf6 7. g3 dxc4 8. Bg2
Nd7 9. O-O Be7 10. e3 O-O 11. Nd2 Nb6 12. Qe2 e5 13. Nxc4 Nxc4 14. Qxc4 exd4
15. exd4 Bf5 16. Rfe1 Rfd8 17. Rad1 Rac8 18. Re5 Bf8 19. Qe2 Rc7 20. h3 Re7
1/2-1/2

[Event "BL 1112 Hansa Dortmund - Hamburger SK"]
[Site "?"]
[Date "2012.04.14"]
[Round "14.3"]
[White "Ftacnik, Lubomir Dr"]
[Black "Henrichs, Thomas"]
[Result "1/2-1/2"]
[WhiteElo "2570"]
[BlackElo "2473"]
[PlyCount "53"]
[EventDate "2012.??.??"]

1. Nf3 Nf6 2. c4 e6 3. g3 b6 4. Bg2 Bb7 5. O-O c5 6. Nc3 Be7 7. d4 cxd4 8. Qxd4
d6 9. Rd1 a6 10. Bg5 Nbd7 11. Qd2 O-O 12. Bf4 Ne8 13. Rac1 Rc8 14. b3 h6 15. h4
Qc7 16. Bh3 Ne5 17. Nd4 Nf6 18. Nd5 exd5 19. cxd5 Qb8 20. Nf5 Bd8 21. Bxh6 Rxc1
22. Rxc1 gxh6 23. Qxh6 Ne8 24. Qh5 Ng7 25. Qh6 Ne8 26. Qh5 Ng7 27. Qh6 1/2-1/2

[Event "BL 1112 Hansa Dortmund - Hamburger SK"]
[Site "?"]
[Date "2012.04.14"]
[Round "14.6"]
[White "Kotter, Ralf"]
[Black "Reeh, Oliver"]
[Result "1-0"]
[WhiteElo "2317"]
[BlackElo "2453"]
[PlyCount "143"]
[EventDate "2012.??.??"]

1. e4 e5 2. Nf3 Nc6 3. Bc4 d6 4. c3 h6 5. d3 Nf6 6. Bb3 g6 7. O-O Bg7 8. Nbd2
O-O 9. Re1 Nd7 10. Nf1 Nc5 11. Bc2 Ne6 12. Ne3 a5 13. b3 b5 14. a3 Bd7 15. Bb2
b4 16. cxb4 axb4 17. a4 Ng5 18. Nxg5 Qxg5 19. Nd5 Qd8 20. Qd2 Qb8 21. Rac1 Ra7
22. Bd1 Re8 23. Rc4 Na5 24. Rc1 c6 25. Ne3 c5 26. Nc4 Nc6 27. h3 Be6 28. Bg4 f5
29. Bf3 f4 30. Bg4 Bf7 31. g3 h5 32. Bf3 Bh6 33. Rb1 Kh7 34. g4 hxg4 35. hxg4
Be6 36. Kg2 Bg5 37. Rh1+ Kg8 38. Rh2 Ree7 39. Rbh1 Rh7 40. Qd1 Qd8 41. Rxh7
Rxh7 42. Rxh7 Kxh7 43. Qh1+ Kg7 44. Qd1 Kg8 45. Qe2 Qc7 46. Qd1 Kg7 47. Be2 Bd8
48. Bf3 Qe7 49. Qh1 Bc7 50. Qh3 Qg5 51. Kf1 Nb8 52. Bd1 Nd7 53. f3 Nf6 54. Ke1
Nh5 55. Nd2 Ng3 56. Nf1 Qe7 57. Qh2 Qf7 58. Nd2 Qf6 59. Bc2 Bd8 60. Nc4 Bc7 61.
Nd2 d5 62. exd5 Bxd5 63. Kd1 Qc6 64. Qg2 Kg8 65. Kc1 Qe6 66. Qh2 Bd8 67. Kb1
Kg7 68. Qf2 Be7 69. Nc4 Bxc4 70. dxc4 Qd6 71. Qe1 Bf6 72. g5 1-0